Préludes [de Claude Debussy] /

Guardat en:
Dades bibliogràfiques
Autor principal: Debussy, Claude (música)
Altres autors: Zimerman, Krystian (ejecución musical) (ejecución musical), Nichols, Roger (texto del folleto) (texto del folleto)
Format: Audio
Publicat: Hamburgo, Alemania : Deutsche Grammophon, 1994, c1994
Matèries:
Etiquetes: Afegir etiqueta
Sense etiquetes, Sigues el primer a etiquetar aquest registre!

MARC

LEADER 00000njm^a2200000^a^4500
001 000273562
005 20251020000000.0
009 20260310111135.17
037 |a Acervo ITESO - Biblioteca 
041 |a SON 
082 |a 784. 081  |b DEB CLA 
100 |a Debussy, Claude  |e (música) 
240 1 1 |a [Preludios, de Claude Debussy] 
245 1 0 |a Préludes [de Claude Debussy] /  |c Música de C. Debussy ; piano K. Zimerman ; texto del folleto de R. Nichols... [et al.]. 
264 4 |a Hamburgo, Alemania :  |b Deutsche Grammophon,  |c 1994, c1994 
300 |a 2 discos compactos sonoros (43, 40 min.) +  |e 1 folleto (19 p.) 
336 |a música interpretada  |b prm  |2 rdacontenido 
337 |a audio  |b s  |2 rdamedio 
338 |a disco sonoro  |b sd  |2 rdasoporte 
545 0 |a Claude Debussy (Saint-Germain-en-Laye, 1862 - París, 1918) es considerado por la crítica no sólo como el más grande de los compositores franceses, sino el gran renovador que, al eliminar la rigidez de las formas tradicionales y explorar nuevas posibilidades armónicas, llevó la modernidad a la música. Alumno de piano de Marmontel desde pequeño y luego estudiante del Consevatorio de París durante diez años, Debussy entró en contacto con los pintores impresionistas, el simbolismo literario y Erik Satie, y comenzó a dar forma a una estética en la que la música es concebida centralmente como una experiencia sensorial. Planteamiento que explica el que sea considerado el padre del impresionismo musical, transformando la coloratura y luminosidad del arte sonoro. Entre sus creaciones destacan títulos como Preludio a la siesta de un fauno, La damisela elegida, el tríptico sinfónico La mar, la suite orquestal Primavera, la ópera Peleas y Melisande, los nocturnos Nubes, Fiestas y Sirenas, sus Imágenes para orquesta (Iberia, Gigas y Rondas de primavera) y toda una serie de Preludios, por citar algunos. 
546 |a Edición multilingüe (folleto) 
649 |a XX 
650 |a Músicos Franceses 
650 |a Artistas Franceses 
650 |a Piano -  |z Francia 
650 |a Preludio (Música) -  |z Francia 
650 |a Impresionismo Musical -  |z Francia 
650 |a Música Moderna -  |z Francia 
650 |a Música de Concierto -  |z Francia 
650 |a Música Francesa -  |y Siglo XX 
700 |a Zimerman, Krystian  |e (ejecución musical) 
700 |a Nichols, Roger  |e (texto del folleto) 
910 |a Fondo General 
920 |a Sonoros - CDs 
940 |a CDs de Música 
905 |a 401 
901 |a 0500161001  |b IT2  |c CDM  |u 20250521 
901 |a 0500160984  |b IT2  |c CDM  |u 20250521 
901 |a 0500160981  |b IT2  |c MIM  |u 20251020 
902 |a https://opac.biblio.iteso.mx/vufind/Record/000273562